Provincias con MÁS municipios de España - Estadísticas

Estadísticas generales
  • Esta prueba ha sido intentada 50 veces
  • La puntuación promedio es 4 de 5
Estadísticas de respuestas
Nº de municipios Provincia % Correcto
293 Zaragoza
88%
311 Barcelona
84%
371 Burgos
74%
362 Salamanca
74%
288 Guadalajara
63%
No se encontraron pruebas coincidentes
Distribución de puntuación
Porcentaje de gente con cada puntuación
Porcentaje por número respondido
Historial de tus puntuaciones
No has intentado esta prueba.